000 00994cam a2200157 4500500
005 20260329010744.0
041 _afre
042 _adc
100 1 0 _aDaudin, Claire
_eauthor
245 0 0 _aEdith Bruck Contrechamp Traduit de l’italien par René de Ceccatty. Seuil, 2025, 144 pages, 18 €. Les dissonances Préfacé et traduit de l’italien par René de Ceccatty (édition bilingue). Rivages, « Bibliothèque Rivages », 2025, 156 pages, 17 €.
260 _c2025.
500 _a83
520 _aProfesseur, philosophe, romancier, peu importe l’étiquette disciplinaire qui lui est attribuée, ce qu’Umberto Eco a le mieux incarné, c’est le fait qu’avoir des idées est de l’ordre du comique. Si penser, c’est comme rire, rire n’est-il pas une manière de régler ses comptes avec la mort ?
786 0 _nÉtudes | Jui | 6 | 2025-05-21 | p. 122-123 | 0014-1941
856 4 1 _uhttps://shs.cairn.info/revue-etudes-2025-6-page-122?lang=fr&redirect-ssocas=7080
999 _c1855514
_d1855514